[Event "Hoogovens-B"]
[Site "Wijk aan Zee"]
[Date "1988.??.??"]
[Round "?"]
[White "Knaak, Rainer"]
[Black "Kouatly, Bachar"]
[Result "1/2-1/2"]
[WhiteElo "2525"]
[BlackElo "2450"]

1.d4 Nf6 2.c4 g6 3.Nc3 d5 4.cxd5 Nxd5 5.e4 Nxc3 6.bxc3 Bg7 7.Bc4 c5 8.Ne2 O-O
9.O-O Nc6 10.Be3 Bg4 11.f3 Bd7 12.Rc1 Rc8 13.Qd2 Qa5 14.d5 Ne5 15.Bb3 c4
16.Bc2 e6 17.Rb1 b5 18.Bd4 exd5 19.f4 Nd3 20.Bxg7 Kxg7 21.Bxd3 cxd3 22.Qxd3 Qxa2
23.f5 dxe4 24.Qd4+ Kg8 25.Ng3 Bc6 26.Ra1 Qd5 27.Qe3 Ba8 28.Kh1 Qe5 29.f6 Kh8
30.Rxa7 Bd5 31.Rd7 Rg8 32.Re7 Qxc3 33.Qg5 Qd4 34.Rd7 Rcd8 35.Rxd8 Rxd8 36.Qh6 Rg8
37.h3 e3 38.Kh2 Qd2 39.Rg1 Qf2 40.Qg5 Bc4 41.Ne4 Qf5 42.Qxe3 Qe5+ 43.g3 Bd5
44.Re1 b4 45.Nf2 Qxf6 46.Ng4 Qc3 47.Qxc3+ bxc3 48.Nf6 Rd8 49.Rc1 Be6 50.Rxc3 Rd2+
51.Kg1 Kg7 52.Ne4 Rd1+ 53.Kh2 Bd5 54.Nf2 Rf1 55.Rc2 h5 56.h4 f6 57.Rd2 Bf3
58.Kh3 g5 59.hxg5 fxg5 60.Ra2 Kf6  1/2-1/2

[Event "Hoogovens-B"]
[Site "Wijk aan Zee"]
[Date "1988.??.??"]
[Round "?"]
[White "Douven, Rudy C"]
[Black "Krnic, Zdenko"]
[Result "1-0"]
[WhiteElo "2410"]
[BlackElo "2400"]

1.d4 Nf6 2.c4 g6 3.Nc3 d5 4.cxd5 Nxd5 5.e4 Nxc3 6.bxc3 Bg7 7.Bc4 O-O 8.Ne2 c5
9.O-O Nc6 10.Be3 Bg4 11.f3 Bd7 12.dxc5 Na5 13.Bd3 Qc7 14.Qc2 Rfd8 15.f4 e6
16.f5 Bf8 17.Kh1 e5 18.Bg5 Re8 19.Rf3 Qxc5 20.Raf1 Nc4 21.Qc1 b5 22.Ng3 Qa3
23.Bxc4 bxc4 24.Qd2 Bc6 25.Qe2 Qc5 26.Nh5 Be7 27.Bxe7 Qxe7 28.fxg6 hxg6 29.Nf6+ Kg7
30.Nxe8+ Bxe8 31.Qxc4 Rb8 32.Qe2 Qg5 33.c4 Rb7 34.Rg3 Qe7 35.Rb3 Rc7 36.h3 Bd7
37.Rc1 Qg5 38.Qe3 Qxe3 39.Rxe3 Bc6 40.c5 Kf6 41.Kg1 Rd7 42.Rc2 Ke6 43.Kf2 Rd4
44.Ra3 Bxe4 45.Ra6+ Kf5 46.Rc1 Rd2+ 47.Ke3 Rd3+ 48.Ke2 Rd7 49.c6 Rc7 50.g3 g5
51.Ke3 Bg2 52.Rd1 Ke6 53.Rd7 Rxc6 54.Rdxa7 Rxa6 55.Rxa6+ Ke7 56.h4 gxh4 57.gxh4 f5
58.Kf2 Be4 59.h5 f4 60.h6 Kf7 61.Ra7+ Kg8  1-0

[Event "Yerevan"]
[Site "Yerevan"]
[Date "1988.??.??"]
[Round "?"]
[White "Semkov, Semko"]
[Black "Olafsson, Helgi"]
[Result "1/2-1/2"]
[WhiteElo "2470"]
[BlackElo "2510"]

1.d4 Nf6 2.c4 g6 3.Nc3 d5 4.cxd5 Nxd5 5.e4 Nxc3 6.bxc3 Bg7 7.Bc4 c5 8.Ne2 O-O
9.O-O Nc6 10.Be3 Qc7 11.Rc1 Rd8 12.Bf4 Qd7 13.d5 Na5 14.Bd3 b5 15.Rb1 a6
16.Qc1 e6 17.Rd1 e5 18.Bg5 f6 19.Be3 c4 20.Bc2 Nb7 21.f4 Nd6 22.fxe5 fxe5
23.Rf1 Bb7 24.Bg5 Rf8 25.Qe3 Qc7 26.Qg3 Rae8 27.h4 h5 28.Be3 Kh7 29.Kh1 Qc8
30.Kh2 Nf7 31.a4 Qd7 32.axb5 axb5 33.Bc5 Rg8 34.Ng1 Nh6 35.Bd1 Ng4+ 36.Bxg4 hxg4
37.Qf2 Bc8 38.Ne2 Bh6 39.Qf7+ Rg7 40.Qxd7 Bxd7 41.Rf6 Ra8 42.Bf8 Ra2 43.Bxg7 Kxg7
44.Rd6 Be8 45.Rd8 Kf7 46.Re1 Ke7 47.Rb8 Bd7 48.Kg3 Bd2 49.Rd1 Be3 50.Re1 Bd2
51.Rd1 Be3 52.Re1  1/2-1/2

[Event "Alicante op"]
[Site "Alicante"]
[Date "1989.??.??"]
[Round "?"]
[White "Teyssou, Denis"]
[Black "Fernandez Garcia, Jose L"]
[Result "0-1"]
[WhiteElo "2255"]
[BlackElo "2440"]

1.d4 Nf6 2.c4 g6 3.Nc3 d5 4.cxd5 Nxd5 5.e4 Nxc3 6.bxc3 Bg7 7.Nf3 c5 8.Rb1 O-O
9.Be2 b6 10.h4 cxd4 11.cxd4 Bb7 12.Qd3 Ba6 13.Qe3 Qc8 14.O-O Bxe2 15.Qxe2 Qa6
16.Qxa6 Nxa6 17.Ba3 Rfd8 18.Rfd1 e6 19.Rbc1 Rac8 20.Be7 Re8 21.Rxc8 Rxc8
22.d5 exd5 23.exd5 Nb8 24.Nd4 Bxd4 25.Rxd4 Nd7 26.g4 f6 27.Bd6 b5 28.Re4 Nb6
29.Re7 Rd8 30.Bc5 Rxd5 31.Be3 Rd7 32.Rxd7 Nxd7 33.Bxa7 Ne5 34.Kg2 Nxg4 35.Bd4 Kf7
36.Kf3 Nh6 37.Bc5 Ke6 38.Kg3 Nf5+ 39.Kg4 h5+ 40.Kh3 Kd5 41.Ba3 Ke4 42.Bb2 Kf3
43.Bxf6 Kxf2 44.Bd8 Kf3 45.Bf6 Ne3 46.Be5 Nd5 47.Bd6 Nf4+ 48.Kh2 Kg4 49.Be7 Nd3
50.Kg2 Ne1+  0-1

[Event "Alma-Ata"]
[Site "Alma-Ata"]
[Date "1989.??.??"]
[Round "6"]
[White "Douven, Rudy C"]
[Black "Ilincic, Zlatko"]
[Result "1-0"]
[WhiteElo "2445"]
[BlackElo "2430"]

1.d4 Nf6 2.c4 g6 3.Nc3 d5 4.cxd5 Nxd5 5.e4 Nxc3 6.bxc3 Bg7 7.Bc4 O-O 8.Ne2 c5
9.O-O Nc6 10.Be3 Bg4 11.f3 Na5 12.Bxf7+ Rxf7 13.fxg4 Rxf1+ 14.Kxf1 Qd6 15.e5 Qd5
16.Bf2 Rd8 17.Qa4 b6 18.Qc2 Rc8 19.Qd1 Rd8 20.Qe1 Nc4 21.g5 Qe4 22.Kg1 Qg4
23.Ng3 cxd4 24.cxd4 Qxg5 25.Qb4 Rc8 26.Ne4 Qf4 27.Qxe7 Kh8 28.Qe6 Rf8 29.Qxc4 Qxe4
30.Re1 Qf5 31.Bg3 Bh6 32.Qe2 Qe6 33.Qe4 Rd8 34.h3 Bf8 35.Kh1 Be7 36.Rc1 Qxa2
37.Rc7 Qa3 38.Bh4 Qa1+ 39.Kh2 Rxd4 40.Qc6  1-0

[Event "Aosta op"]
[Site "Aosta"]
[Date "1989.??.??"]
[Round "?"]
[White "Hansen, Lars Bo"]
[Black "Fercec, Nenad"]
[Result "1-0"]
[WhiteElo "2540"]
[BlackElo "2390"]

1.d4 Nf6 2.c4 g6 3.Nc3 d5 4.cxd5 Nxd5 5.e4 Nxc3 6.bxc3 Bg7 7.Bc4 c5 8.Ne2 Nc6
9.Be3 O-O 10.O-O Bg4 11.f3 Na5 12.Bxf7+ Rxf7 13.fxg4 Rxf1+ 14.Kxf1 Qd6 15.e5 Qe6
16.Kg1 Qxg4 17.Qd3 Qe6 18.Bg5 Rf8 19.h3 cxd4 20.cxd4 Bxe5 21.dxe5 Qxe5 22.Bc1 Qxa1
23.Qd5+ e6 24.Qxa5 Rc8 25.Qd2 b5 26.a3 a5 27.Qe3 e5 28.Kh2 b4 29.Qb3+  1-0

[Event "AUT-chT"]
[Site "?"]
[Date "1989.??.??"]
[Round "?"]
[White "Juraczka, Franz"]
[Black "Schoeppl, Engelbert"]
[Result "1/2-1/2"]
[WhiteElo "2280"]
[BlackElo "2315"]

1.c4 Nf6 2.Nc3 d5 3.cxd5 Nxd5 4.d4 g6 5.e4 Nxc3 6.bxc3 Bg7 7.Bc4 O-O 8.Ne2 c5
9.O-O Nc6 10.Be3 cxd4 11.cxd4 Bg4 12.f3 Na5 13.Bd3 Be6 14.Rc1 Bxa2 15.d5 Bb3
16.Qe1 e6 17.Bc5 exd5 18.Bxf8 Bxf8 19.e5 Nc4 20.f4 a5 21.Kh1 Qb6 22.Qg3 Bg7
23.Nc3 Qd4 24.Ne2 Qb6 25.Nc3 Qd4 26.Ne2 Qb6 27.Nc3  1/2-1/2

[Event "Bad Mergentheim op"]
[Site "Bad Mergentheim"]
[Date "1989.??.??"]
[Round "?"]
[White "Klebel, Martin"]
[Black "Lalic, Bogdan"]
[Result "0-1"]
[WhiteElo "2360"]
[BlackElo "2500"]

1.d4 Nf6 2.c4 g6 3.Nc3 d5 4.cxd5 Nxd5 5.e4 Nxc3 6.bxc3 Bg7 7.Bc4 c5 8.Ne2 Nc6
9.Be3 O-O 10.Rc1 cxd4 11.cxd4 Qa5+ 12.Kf1 Bd7 13.h4 Rfc8 14.e5 Nd8 15.h5 Bb5
16.Bxb5 Qxb5 17.hxg6 hxg6 18.Kg1 Rxc1 19.Nxc1 Qb1 20.Qg4 Ne6 21.Kh2 Rd8 22.Rd1 Qf5
23.Qxf5 gxf5 24.f4 f6 25.Rd3 Nc7 26.Rb3 Nd5 27.Bd2 b6 28.Ne2 Kf7 29.Kg3 Rc8
30.Nc3 Ke6 31.Ra3 Nxc3 32.Bxc3 Kd5 33.Kf3 a5 34.Bb2 Rc2 35.Rb3 a4 36.Rxb6 a3
37.Bxa3 Rc3+ 38.Kf2 Rxa3 39.Rb7 Bf8 40.exf6 exf6 41.Rf7 Bb4 42.Rxf6 Ke4 43.g3 Rxa2+
44.Kg1 Bc3 45.Kh1 Bxd4 46.Rf7 Ke3 47.Rb7 Ra8  0-1

[Event "FRG-ch"]
[Site "Bad Neuenahr"]
[Date "1989.??.??"]
[Round "?"]
[White "Schlosser, Philipp"]
[Black "Michaelsen, Nils"]
[Result "1/2-1/2"]
[WhiteElo "2420"]
[BlackElo "2360"]

1.d4 Nf6 2.c4 g6 3.Nc3 d5 4.cxd5 Nxd5 5.e4 Nxc3 6.bxc3 Bg7 7.Be3 c5 8.Qd2 Qa5
9.Rb1 a6 10.Nf3 Nc6 11.Rc1 cxd4 12.cxd4 Qxd2+ 13.Kxd2 f5 14.Bd3 Rf8 15.exf5 Bxf5
16.Rc5 Rd8 17.Bxa6 Nxd4 18.Bxd4 bxa6 19.Kc3 Bxd4+ 20.Nxd4 Bd7 21.f3 Rf6 22.Re1 Kf7
23.Rce5 Re8 24.R1e4 Rb6 25.Rc5 Rc8 26.Rxc8 Bxc8 27.Rf4+ Kg7 28.Nb3 h6 29.Rb4 Rd6
30.Nc5 Kf7 31.a4 h5 32.h4 Rd1 33.Rb8 Bf5 34.Nxa6 Rd3+ 35.Kc4 Rd2 36.Nc5 Rxg2
37.a5 Ra2 38.a6 g5 39.hxg5 h4 40.Rh8 h3 41.Kb5 Kg6 42.Ne4 Bxe4 43.fxe4 h2
44.Kb6 Kxg5 45.a7 Rb2+ 46.Kc6  1/2-1/2

[Event "FRG-ch"]
[Site "Bad Neuenahr"]
[Date "1989.??.??"]
[Round "?"]
[White "Klebel, Martin"]
[Black "Wegner, Hannu"]
[Result "1/2-1/2"]
[WhiteElo "2350"]
[BlackElo "2350"]

1.d4 Nf6 2.c4 g6 3.Nc3 d5 4.cxd5 Nxd5 5.e4 Nxc3 6.bxc3 Bg7 7.Bc4 b6 8.Qf3 O-O
9.Ne2 Ba6 10.Bxa6 Nxa6 11.h4 c5 12.h5 Qd7 13.hxg6 fxg6 14.Qd3 Nc7 15.Bh6 cxd4
16.Bxg7 Kxg7 17.cxd4 e5 18.Qe3 exd4 19.Nxd4 Rae8 20.Rd1 Qf7 21.O-O Nd5 22.Nf5+ Qxf5
23.Qd4+ Qe5 24.exd5 Qxd4 25.Rxd4 Rf7 26.f4 Kf6 27.Kf2 Rc7 28.Rfd1 Rc2+ 29.R1d2 Rxd2+
30.Rxd2 Ke7 31.Ke3 Kd6+ 32.Kd4 Re1 33.g4 Rh1 34.g5 b5 35.Rc2 Rd1+ 36.Ke4 Re1+
37.Kd4 Rd1+ 38.Ke4 Rxd5 39.Rh2 Rd1 40.Rxh7 Re1+ 41.Kd4 Rd1+  1/2-1/2

[Event "Bad Orb op"]
[Site "Bad Orb"]
[Date "1989.??.??"]
[Round "?"]
[White "Fecht, Hans Peter"]
[Black "Vegh, Endre"]
[Result "1/2-1/2"]
[WhiteElo "2260"]
[BlackElo "2370"]

1.d4 Nf6 2.c4 g6 3.Nc3 d5 4.cxd5 Nxd5 5.e4 Nxc3 6.bxc3 Bg7 7.Bc4 c5 8.Ne2 O-O
9.O-O Nc6 10.Be3 Bg4 11.f3 Na5 12.Bxf7+ Rxf7 13.fxg4 Rxf1+ 14.Kxf1 Qc8 15.g5 Qe6
16.e5 Nc4 17.Bf2 Rf8 18.Kg1 Qf5 19.Qe1 Qxg5 20.Ng3 cxd4 21.cxd4 Bh6 22.Qe2 Ne3
23.h3 Qf4 24.Re1 Nd5 25.Ne4 Qf7  1/2-1/2

[Event "Bad Orb op"]
[Site "Bad Orb"]
[Date "1989.??.??"]
[Round "?"]
[White "Roeschlau, Bernd"]
[Black "Fette, Martin"]
[Result "0-1"]
[WhiteElo "2310"]
[BlackElo "2385"]

1.d4 Nf6 2.c4 g6 3.Nc3 d5 4.cxd5 Nxd5 5.e4 Nxc3 6.bxc3 Bg7 7.Bc4 c5 8.Ne2 O-O
9.O-O Nc6 10.Be3 Bg4 11.f3 Bd7 12.Rc1 Rc8 13.Qd2 Qa5 14.Qb2 b6 15.Rfd1 Rfd8
16.Qb3 Be8 17.Rb1 Nxd4 18.cxd4 Ba4 19.Qd3 Bxd1 20.Rxd1 cxd4 21.Bd2 Qa4 22.Bb3 Qd7
23.h4 a5 24.h5 Rc5 25.hxg6 hxg6 26.Rb1 e6 27.Bd1 Qc7 28.f4 Rc3 29.Qb5 Ra3
30.Rc1 Qe7 31.e5 Rxa2 32.Qd3 Qa3 33.Qxa3 Rxa3 34.Rb1 Bf8 35.Kf1 d3 36.Ng3 Bc5
37.Ne4 Bd4 38.Bb3 b5 39.Nd6 Rb8 40.Ke1 a4 41.Bd1 Ra1 42.Rxb5 Rxb5 43.Nxb5 Bb2
44.Bc3 a3 45.Kd2 Rb1 46.Nxa3 Bxc3+ 47.Kxc3 Rxd1 48.Nc4 Rf1  0-1

[Event "GMA-qual"]
[Site "Belgorod"]
[Date "1989.??.??"]
[Round "?"]
[White "Piskov, Yury"]
[Black "Huzman, Alexander"]
[Result "1/2-1/2"]
[WhiteElo "2400"]
[BlackElo "2480"]

1.d4 Nf6 2.c4 g6 3.Nc3 d5 4.cxd5 Nxd5 5.e4 Nxc3 6.bxc3 Bg7 7.Qa4+ Qd7 8.Qxd7+ Nxd7
9.Be3 b6 10.Bd3 Bb7 11.Ne2 O-O 12.O-O Rfd8 13.Rad1 c5 14.e5 Rac8 15.f4 e6
16.g4  1/2-1/2

[Event "GMA-qual"]
[Site "Belgorod"]
[Date "1989.??.??"]
[Round "?"]
[White "Karpman, Vadim"]
[Black "Zilberstein, Valery I"]
[Result "1-0"]
[WhiteElo "2480"]
[BlackElo "2375"]

1.d4 Nf6 2.c4 g6 3.Nc3 d5 4.cxd5 Nxd5 5.e4 Nxc3 6.bxc3 Bg7 7.Bc4 c5 8.Ne2 Nc6
9.Be3 O-O 10.O-O Bg4 11.f3 Bd7 12.Qd2 Rc8 13.Rac1 Na5 14.Bd3 e5 15.d5 Qe7
16.c4 b6 17.Nc3 Nb7 18.Kh1 Nd6 19.a4 f5 20.a5 f4 21.Bg1 Qd8 22.axb6 axb6
23.Be2 Ra8 24.Ra1 Qc7 25.Qb2 Rfb8 26.Rfb1 Rxa1 27.Rxa1 Kf7 28.Ra3 Bf6 29.Qa2 Rb7
30.Ra6 Nc8 31.Bf2 Ra7 32.Bd1 Rxa6 33.Qxa6 Qa7 34.Qxa7 Nxa7 35.Ba4 Ke7 36.Bxd7 Kxd7
37.Kg1 Nc8 38.Nb5 h5 39.Kf1 g5 40.Ke2 Nd6 41.Nxd6 Kxd6 42.Kd3 Kc7 43.h4 gxh4
44.Kc3 Be7 45.Kb3 Bf6 46.Ka4 Bd8 47.Kb5 Be7 48.Ka6 Bd8 49.Be1 Bf6 50.Bc3 Bg7
51.d6+ Kc6 52.d7 Bf6 53.Bxe5 Bd8 54.Bxf4 Kxd7 55.Kb5 Bf6 56.Kxb6 Bd4  1-0

[Event "GMA-qual"]
[Site "Belgorod"]
[Date "1989.??.??"]
[Round "?"]
[White "Karpman, Vadim"]
[Black "Tseitlin, Mark D"]
[Result "1/2-1/2"]
[WhiteElo "2480"]
[BlackElo "2430"]

1.d4 Nf6 2.c4 g6 3.Nc3 d5 4.cxd5 Nxd5 5.e4 Nxc3 6.bxc3 Bg7 7.Bc4 c5 8.Ne2 O-O
9.O-O Nc6 10.Be3 Bd7 11.Qd2 b5 12.Bxb5 Nxd4 13.Bxd7 Nxe2+ 14.Qxe2 Qxd7 15.Rac1 Qa4
16.Bxc5 Rac8 17.Qe3 Rc7 18.e5 Qxa2 19.Ra1 Qd5 20.Bd4 Ra8 21.Ra6 Rc6 22.Rxc6 Qxc6
23.Bxa7 Qd5 24.Bd4 Ra5 25.Re1 e6 26.h3 h5 27.Qf4 Qb5 28.Qh4 Qb8 29.Qe4 Qc7
30.Kh2 Rd5 31.f4 Bf8 32.Ra1 Bc5 33.Ra8+ Kg7 34.f5 Bxd4 35.cxd4 Rd8 36.f6+ Kh7
37.Rxd8 Qxd8 38.Qb7 Qxd4 39.Qxf7+ Kh6 40.Qxe6 Qf4+ 41.Kg1 Qc1+ 42.Kf2 Qd2+
43.Kf3 Qd3+ 44.Kf2  1/2-1/2

[Event "Belgrade"]
[Site "Belgrade"]
[Date "1989.??.??"]
[Round "?"]
[White "Jussupow, Artur"]
[Black "Timman, Jan H"]
[Result "0-1"]
[WhiteElo "2610"]
[BlackElo "2635"]

1.d4 Nf6 2.c4 g6 3.Nc3 d5 4.cxd5 Nxd5 5.e4 Nxc3 6.bxc3 Bg7 7.Be3 c5 8.Qd2 O-O
9.Rc1 Nd7 10.Bd3 e5 11.Nf3 exd4 12.cxd4 cxd4 13.Nxd4 Ne5 14.Be2 Qh4 15.O-O Qxe4
16.Nb5 Be6 17.Rfd1 Bf6 18.Nd6 Qh4 19.Bf4 Rfd8 20.Qe3 Ng4 21.Qf3 Be5 22.Bxe5 Nxe5
23.Qxb7 Ng4 24.Bxg4 Qxg4 25.h3 Qa4 26.Rd2 Rab8 27.Qc7 Qb4 28.Rcd1 Rd7 29.Qc6 Rbd8
30.Rd4 Qa5 31.a4 Qb6 32.Qxb6 axb6 33.R1d2 Kf8 34.f3 Ke7 35.Nb5 Rxd4 36.Nxd4 Bd7
37.Re2+ Kf8 38.Re4 Re8 39.Rh4 h5 40.Nb3 Re3 41.Rb4 Re1+ 42.Kf2 Rb1 43.Rd4 Bxa4
44.Nd2 Rb2 45.Ke3 Bc6 46.g4 h4 47.Rc4 Bd5 48.Rd4 Rb5 49.g5 Bc6 50.Rc4 Rc5
51.Rb4 b5 52.Kf4 Bd7 53.Ne4 Rf5+ 54.Ke3 Ke7 55.f4 Bc6 56.Nf2 Rc5 57.Nd3 Rd5
58.Re4+ Kd6 59.Ne5 Kc5 60.Nxf7 b4 61.Ne5 Bb5 62.Kf3 b3 63.Re1 Bd3 64.Nxd3+ Rxd3+
65.Kg4 Rd4 66.Rb1 Kb4 67.Rf1 b2 68.Kxh4 Rc4 69.Rb1 Kb3 70.Kg3 Rc3+ 71.Kg2 Kc2  0-1

[Event "JUG-ch playoff"]
[Site "Belgrade"]
[Date "1989.??.??"]
[Round "1"]
[White "Damljanovic, Branko"]
[Black "Kozul, Zdenko"]
[Result "1-0"]
[WhiteElo "2530"]
[BlackElo "2490"]

1.d4 Nf6 2.c4 g6 3.Nc3 d5 4.cxd5 Nxd5 5.e4 Nxc3 6.bxc3 Bg7 7.Be3 c5 8.Qd2 Qa5
9.Rb1 cxd4 10.cxd4 Qxd2+ 11.Kxd2 O-O 12.Nf3 Rd8 13.Bd3 Nc6 14.d5 Na5 15.Ke2 b6
16.Bg5 f5 17.exf5 gxf5 18.Rhd1 Kf8 19.Rbc1 Rxd5 20.Rc7 Bd7 21.Bxf5 Rxd1 22.Bxd7 Rd6
23.Bf5 Bf6 24.Be4 Rad8 25.Bh6+ Kg8 26.Be3 R6d7 27.Rc2 Nb7 28.Bc6 Rc7 29.Bd5+ e6  1-0

[Event "Belgrade op"]
[Site "Belgrade"]
[Date "1989.??.??"]
[Round "1"]
[White "Paunovic, Tomislav"]
[Black "Marinkovic, Slavisa"]
[Result "1/2-1/2"]
[WhiteElo "2420"]
[BlackElo "2320"]

1.d4 Nf6 2.c4 g6 3.Nc3 d5 4.cxd5 Nxd5 5.e4 Nxc3 6.bxc3 Bg7 7.Be3 c5 8.Qd2 Qa5
9.Rb1 a6 10.Nf3 Nc6 11.Rc1 cxd4 12.cxd4 Qxd2+ 13.Kxd2 f5 14.e5 Be6 15.Bc4 Bxc4
16.Rxc4 O-O 17.Ke2 e6 18.Rb1 Rf7 19.Ne1 Rd7 20.Nd3 Bf8 21.Nf4 Re8 22.Rb6 Bh6
23.Nd3 Bf8 24.g3 Kf7 25.Nf4 g5 26.d5 exd5 27.Rcxc6 bxc6 28.e6+ Rxe6 29.Nxe6 Kxe6
30.Rxc6+ Rd6 31.Rxd6+ Bxd6 32.Bxg5 Be5 33.Kd3 h5 34.a4 Kd6 35.Be3 Kc6 36.f3 Kd6
37.Bd4 Ke6 38.Bxe5 Kxe5 39.h3 a5 40.Ke3 f4+ 41.gxf4+ Kf5 42.h4 d4+ 43.Kxd4 Kxf4
44.Kc5 Kg3 45.Kb5  1/2-1/2

[Event "JUG-ch playoff"]
[Site "Belgrade"]
[Date "1989.??.??"]
[Round "3"]
[White "Damljanovic, Branko"]
[Black "Kozul, Zdenko"]
[Result "1/2-1/2"]
[WhiteElo "2530"]
[BlackElo "2490"]

1.d4 Nf6 2.c4 g6 3.Nc3 d5 4.cxd5 Nxd5 5.e4 Nxc3 6.bxc3 Bg7 7.Be3 c5 8.Qd2 Qa5
9.Rb1 cxd4 10.cxd4 Qxd2+ 11.Kxd2 O-O 12.Nf3 Rd8 13.Bd3 e6 14.Rhc1 Nc6 15.e5 f5
16.h4 h6 17.Ke2 Bf8 18.g3 Nb4 19.Bc4 b6 20.Ne1 Nd5 21.Nd3 Bb7 22.a4 Rac8
23.a5 Ba3 24.Bxd5 Bxd5 25.Rxc8 Rxc8 26.axb6 axb6 27.Rxb6 Rc2+ 28.Bd2 g5 29.hxg5 hxg5
30.Ke3 Bf8 31.f4 gxf4+ 32.gxf4 Kf7 33.Ra6 Bc4 34.Ra7+ Ke8 35.Bb4 Rh2 36.Ra8+ Kd7
37.Nc5+ Bxc5 38.dxc5 Bd5 39.Ra7+ Kc6 40.Ra6+ Kc7 41.Ba5+ Kb7 42.Rb6+ Ka7
43.Bd2 Rh3+ 44.Kd4 Ra3 45.Bb4 Ra1 46.Rd6 Rd1+ 47.Ke3  1/2-1/2

[Event "Belgrade op"]
[Site "Belgrade"]
[Date "1989.??.??"]
[Round "3"]
[White "Raicevic, Vladimir"]
[Black "Pikula, Dejan"]
[Result "1-0"]
[WhiteElo "2450"]
[BlackElo "2260"]

1.d4 Nf6 2.c4 g6 3.Nc3 d5 4.cxd5 Nxd5 5.e4 Nxc3 6.bxc3 Bg7 7.Be3 c5 8.Qd2 Qa5
9.Rb1 a6 10.Rc1 O-O 11.d5 f5 12.Bd3 fxe4 13.Bxe4 Bf5 14.Bxf5 Rxf5 15.c4 Qxd2+
16.Kxd2 Nd7 17.a4 b5 18.g4 Re5 19.Nf3 Re4 20.axb5 axb5 21.cxb5 Rb4 22.Rb1 Ra2+
23.Kd3 c4+ 24.Ke4 Rab2 25.Rxb2 Bxb2 26.Bd4 Rxb5 27.Rb1 Nf6+ 28.Bxf6 exf6
29.Nd4 Rb4 30.d6 c3 31.d7 Rb8 32.Nc6 c2 33.Rxb2 c1=Q 34.Rxb8+ Kg7 35.d8=Q Qxc6+
36.Qd5 f5+ 37.gxf5 gxf5+ 38.Kd4 Qa4+ 39.Ke3 Qa3+ 40.Kd2  1-0

[Event "Lasker mem"]
[Site "Berlin"]
[Date "1989.??.??"]
[Round "1"]
[White "Feick, Stefan"]
[Black "Muse, Mladen"]
[Result "1-0"]
[WhiteElo "2380"]
[BlackElo "2415"]

1.d4 Nf6 2.c4 g6 3.Nc3 d5 4.cxd5 Nxd5 5.e4 Nxc3 6.bxc3 Bg7 7.Bc4 Qd7 8.Nf3 b5
9.Bd5 c6 10.Bb3 O-O 11.O-O Qc7 12.e5 c5 13.Ng5 Nc6 14.f4 h6 15.Bxf7+ Rxf7
16.Nxf7 Kxf7 17.f5 cxd4 18.Qb3+ e6 19.fxe6+ Ke8 20.e7 Qxe7 21.Qg8+ Bf8 22.Qxg6+ Kd8
23.Qxc6 Rb8 24.Qd5+ Ke8 25.cxd4 Rb6 26.Bd2 Bb7 27.Qg8 Be4 28.Bb4 Qxb4 29.Qf7+ Kd8
30.Qxf8+ Qxf8 31.Rxf8+ Ke7 32.Rf6 Rxf6 33.exf6+ Kxf6 34.Rf1+ Ke6 35.g3 Kd5
36.Rd1 a5 37.Kf2 b4 38.Ke3 a4 39.Rc1 Bg2 40.Rc5+ Kd6 41.Rb5  1-0

[Event "Lasker mem"]
[Site "Berlin"]
[Date "1989.??.??"]
[Round "5"]
[White "Gruenberg, Hans Ulrich"]
[Black "Lutz, Christopher"]
[Result "1/2-1/2"]
[WhiteElo "2510"]
[BlackElo "2410"]

1.d4 Nf6 2.c4 g6 3.Nc3 d5 4.cxd5 Nxd5 5.e4 Nxc3 6.bxc3 Bg7 7.Bc4 c5 8.Ne2 O-O
9.O-O Nc6 10.Be3 Qc7 11.Rc1 Rd8 12.Bf4 Qd7 13.d5 Na5 14.Bd3 e5 15.Bg5 Re8
16.Rb1 c4 17.Bc2 Qd6 18.Qd2 Bd7 19.f4 f6 20.fxe5 fxe5 21.Bh6 b6 22.Ng3 Rf8
23.h4 Nb7 24.h5 Rxf1+ 25.Rxf1 Rf8 26.Bxg7 Rxf1+ 27.Nxf1 Kxg7 28.Nh2 Qf6  1/2-1/2

[Event "Bern op"]
[Site "Bern"]
[Date "1989.??.??"]
[Round "?"]
[White "Kallai, Gabor"]
[Black "Schulze, Ulrich"]
[Result "0-1"]
[WhiteElo "2430"]
[BlackElo "2345"]

1.d4 g6 2.c4 Nf6 3.Nc3 d5 4.cxd5 Nxd5 5.e4 Nxc3 6.bxc3 Bg7 7.Bc4 c5 8.Ne2 Nc6
9.Be3 cxd4 10.cxd4 O-O 11.O-O Bg4 12.f3 Na5 13.Bxf7+ Rxf7 14.fxg4 Rxf1+ 15.Kxf1 b5
16.Ng1 Rc8 17.Nf3 Rc4 18.Qd2 Ra4 19.Bh6 Nb3 20.Qg5 Bxh6 21.Qxb5 Nxa1 22.Qxa4 Qc8
23.Qxa7 Qc1+ 24.Kf2 Qe3+ 25.Kf1 Qd3+ 26.Kf2 Be3+ 27.Kg3 Qxe4 28.Qb8+ Kg7
29.Qe8 Nc2 30.Ne5 Qf4+ 31.Kh3 Qh6+ 32.Kg3 Bf2+  0-1

[Event "Biel op"]
[Site "Biel"]
[Date "1989.??.??"]
[Round "6"]
[White "Vaisser, Anatoli"]
[Black "Stohl, Igor"]
[Result "1/2-1/2"]
[WhiteElo "2555"]
[BlackElo "2500"]

1.d4 Nf6 2.c4 g6 3.Nc3 d5 4.cxd5 Nxd5 5.e4 Nxc3 6.bxc3 Bg7 7.Nf3 c5 8.Rb1 O-O
9.Be2 Nc6 10.d5 Ne5 11.Nxe5 Bxe5 12.Qd2 b6 13.f4 Bg7 14.c4 e5 15.Bb2 exf4
16.Qxf4 Qe7 17.O-O Bd7 18.Bd3 Rae8 19.Bxg7 Kxg7 20.a4 f5 21.d6 Qe5 22.Qxe5+ Rxe5
23.exf5 Re3 24.fxg6 Rxd3 25.Rxf8 Kxf8 26.Rf1+ Kg7 27.Rf7+ Kxg6 28.Rxd7 a5
29.Kf2 Rd4 30.Rd8 Kf6 31.d7 Ke6 32.Rb8 Kxd7 33.Rxb6 Rxc4 34.Rb5 Rxa4 35.Rxc5 Ke6
36.Rh5 Rf4+ 37.Ke3 Rf7 38.Rxa5 Kf6 39.Ra4 Re7+ 40.Re4 Ra7 41.Rg4 Ra3+ 42.Kf4 Rb3
43.Rg8 Kf7 44.Rg5 Kf6 45.h4 Rb4+ 46.Kg3 Ra4 47.Kh3 Rb4 48.Rg8 Kf7 49.Rg4 Rb3+
50.Rg3 Rb4 51.h5 Rb6 52.Kh4 h6 53.Rg4 Ra6 54.Rb4 Ra2 55.g3 Ra7 56.Kg4 Ra5
57.Rb7+ Kg8 58.Rb6 Rg5+ 59.Kh4 Kg7 60.g4 Ra5 61.Rb7+ Kg8 62.Kg3 Ra4 63.Re7 Rb4
64.Kf3 Ra4 65.Re4 Rxe4 66.Kxe4 Kf8 67.Kf4 Ke8 68.Ke4 Kf8 69.Kd4 Kf7 70.Ke5 Ke7
71.Kd5 Kf6  1/2-1/2

[Event "Brno zt (Women)"]
[Site "Brno"]
[Date "1989.??.??"]
[Round "7"]
[White "Kaczorowska, Barbara"]
[Black "Savova, Stefka"]
[Result "1/2-1/2"]
[WhiteElo "2225"]
[BlackElo "2240"]

1.d4 Nf6 2.c4 g6 3.Nc3 d5 4.cxd5 Nxd5 5.e4 Nxc3 6.bxc3 Bg7 7.Nf3 c5 8.Rb1 O-O
9.Be2 b6 10.O-O Bb7 11.Qd3 Ba6 12.Qe3 cxd4 13.cxd4 Qd7 14.Bxa6 Nxa6 15.Ba3 Rfc8
16.Rbc1 e6 17.Rfd1 Nc7 18.h4 Nb5 19.Bb2 Nd6 20.Ne5 Qb5 21.Rxc8+ Rxc8 22.Ba3 Nc4
23.Nxc4 Rxc4 24.Qg3 Rc8 25.Qf3 h5 26.e5 Qd5 27.Qe2 Rc4 28.Bb2 Bh6 29.Rd3 Qc6
30.d5 exd5 31.Qf3 Re4 32.Rc3 Qe6 33.Rc7 Bf4 34.g3 Bxe5 35.Bxe5 Rxe5 36.Rxa7 Rf5
37.Qc3 Qe5 38.Qb4 b5 39.Qxb5 Qd4 40.Ra8+ Kh7 41.Qe2 Re5 42.Qf3 Rf5 43.Qe2 Re5
44.Qf3 Rf5 45.Qe2 Re5  1/2-1/2

[Event "Brno zt (Women)"]
[Site "Brno"]
[Date "1989.??.??"]
[Round "10"]
[White "Velvart, Peterne"]
[Black "Veroci, Zsuzsa"]
[Result "1/2-1/2"]
[WhiteElo "2220"]
[BlackElo "2340"]

1.d4 Nf6 2.c4 g6 3.Nc3 d5 4.cxd5 Nxd5 5.e4 Nxc3 6.bxc3 Bg7 7.Qa4+ Nd7 8.Nf3 O-O
9.Bg5 h6 10.Be3 c5 11.Rc1 e5 12.dxe5 Qe7 13.Be2 Nxe5 14.Nxe5 Qxe5 15.O-O b6
16.f4 Qe7 17.Rfd1 Bf5 18.Bf3 Rad8 19.Bf2 Be6 20.e5 Rxd1+ 21.Rxd1 Rd8 22.g3 Rxd1+
23.Bxd1 Qb7 24.g4 Qd5 25.a3 Bd7 26.Bb3 Qd2 27.Qe4 Qxc3 28.Qd5 Be6 29.Qd8+ Kh7
30.Bxe6 fxe6 31.Kg2 Qc2 32.Qd7 Qe4+ 33.Kg3 g5 34.Qxe6 Qxf4+ 35.Kg2 Qe4+ 36.Kg1 Qxe5
37.Qd7 Qe4 38.h3 c4 39.Qxa7 c3 40.Qxb6 c2 41.Qc5 Qd3 42.Be3 Qc3 43.Qf5+ Kh8
44.Bc1 Qe1+ 45.Kg2 Qe2+ 46.Kh1 Qc4 47.Kg2 Qc6+ 48.Kg3 Qc7+ 49.Kg2 Qc4 50.Kh2 Qc6
51.Kg3 Qc3+ 52.Kg2 Qc6+ 53.Kg3  1/2-1/2

[Event "Perenyi mem-B"]
[Site "Budapest"]
[Date "1989.??.??"]
[Round "?"]
[White "Horvath, Csaba"]
[Black "Anka, Emil"]
[Result "1-0"]
[WhiteElo "2445"]
[BlackElo "2400"]

1.d4 Nf6 2.c4 g6 3.Nc3 d5 4.cxd5 Nxd5 5.e4 Nxc3 6.bxc3 Bg7 7.Qa4+ Nd7 8.Nf3 c5
9.Bg5 O-O 10.Rc1 Qc7 11.Bd3 b6 12.O-O e5 13.Rfd1 f6 14.Be3 Bb7 15.d5 a6 16.c4 h6
17.Nh4 Kh7 18.g3 Rae8 19.Qc2 Rf7 20.f4 Nf8 21.Rb1 Rb8 22.Rf1 Bc8 23.fxe5 fxe5
24.Rxf7 Qxf7 25.Bxc5 Nd7 26.Bd6 Ra8 27.Rf1 Bf6 28.Qf2 Qg7 29.Bc2 Bxh4 30.gxh4 Nc5
31.Qf7 Qxf7 32.Rxf7+ Kg8 33.Rf8+ Kg7 34.Rd8 Kf6 35.Bc7 Ke7 36.Bxb6 Nd7 37.Bc7 Bb7
38.Rxa8 Bxa8 39.Kf2 Kf6 40.Bd6  1-0

[Event "Perenyi mem"]
[Site "Budapest"]
[Date "1989.??.??"]
[Round "?"]
[White "Pinter, Jozsef"]
[Black "Groszpeter, Attila"]
[Result "1-0"]
[WhiteElo "2500"]
[BlackElo "2500"]

1.d4 Nf6 2.c4 g6 3.Nc3 d5 4.cxd5 Nxd5 5.e4 Nxc3 6.bxc3 Bg7 7.Bc4 c5 8.Ne2 Nc6
9.Be3 O-O 10.O-O Bg4 11.f3 Bd7 12.Rc1 Qc7 13.Qd2 a6 14.h4 b5 15.Bd3 c4 16.Bc2 e5
17.d5 Na5 18.f4 exf4 19.Bxf4 Be5 20.Nd4 Nb7 21.Bxe5 Qxe5 22.Nf3 Qc7 23.h5 Bg4
24.Nh2 Bd7 25.Qg5 Rae8 26.Nf3 Qd8 27.Qg3 Qb6+ 28.Rf2 Nc5 29.Re1 Nd3 30.Bxd3 cxd3
31.Nd4 b4 32.Qxd3 bxc3 33.Qxc3 Rc8 34.Qe3 Rc4 35.Rd2 Qc5 36.Qf2 Rc1 37.Rxc1 Qxc1+
38.Kh2 Re8 39.Nf3 Rxe4 40.Ng5 Rh4+ 41.Qxh4 Qxd2 42.hxg6 h5 43.Ne4 Qa5 44.Qe7  1-0

[Event "Perenyi mem-B"]
[Site "Budapest"]
[Date "1989.??.??"]
[Round "?"]
[White "Vaisser, Anatoli"]
[Black "Pein, Malcolm"]
[Result "1-0"]
[WhiteElo "2525"]
[BlackElo "2405"]

1.d4 Nf6 2.c4 g6 3.Nc3 d5 4.cxd5 Nxd5 5.e4 Nxc3 6.bxc3 Bg7 7.Nf3 c5 8.Rb1 O-O
9.Be2 cxd4 10.cxd4 Qa5+ 11.Bd2 Qxa2 12.O-O b6 13.Qc1 Qe6 14.Bc4 Qxe4 15.Re1 Qb7
16.Bb4 Be6 17.Rxe6 fxe6 18.Ng5 Nc6 19.Nxe6 Kh8 20.Bc3 Bf6 21.Qh6 Rg8 22.Re1 Rg7
23.g4 Na5 24.Bd3 Qc6 25.Ba1 Rf7 26.g5 Bg7 27.d5 Qxd5 28.Bxg7+ Kg8 29.Bxg6  1-0

[Event "Noviki-A"]
[Site "Budapest"]
[Date "1989.??.??"]
[Round "?"]
[White "Krasenkow, Michal"]
[Black "Gavrikov, Viktor"]
[Result "1/2-1/2"]
[WhiteElo "2525"]
[BlackElo "2535"]

1.d4 Nf6 2.c4 g6 3.Nc3 d5 4.cxd5 Nxd5 5.e4 Nxc3 6.bxc3 Bg7 7.Nf3 c5 8.Rb1 O-O
9.Be2 cxd4 10.cxd4 Qa5+ 11.Qd2 Qxd2+ 12.Bxd2 b6 13.O-O Bb7 14.d5 Ba6 15.Rfe1 Bxe2
16.Rxe2 Na6 17.Bg5 Rfe8 18.Rd1 e6 19.dxe6  1/2-1/2